Comparative Analysis of Technological Innovation in Chinese Cities: Pre and Post-Government Green Performance Assessment

S cieľom lepšie podporiť transformáciu režimu ekonomického rozvoja a zlepšiť technologické inovácie čínska centrálna vláda upravila kritériá hodnotenia výkonnosti miestnych úradníkov. Táto štúdia skúma, či vládne hodnotenie ekologického výkonu môže slúžiť na podporu technologických inovácií. Ako vzo...

Ausführliche Beschreibung

Gespeichert in:
Bibliographische Detailangaben
1. Verfasser: Li, Ye
Weitere Verfasser: Lean, Hooi Hooi, Chen, Yiyan
Format: Buchkapitel
Sprache:Englisch
Schlagworte:
Tags: Tag hinzufügen
Keine Tags, Fügen Sie das erste Tag hinzu!

MARC

LEADER 00000naa$a2200000$$$4500
001 0307165
005 20250220103859.9
041 0 |a eng 
044 |a CZ 
245 1 0 |a Comparative Analysis of Technological Innovation in Chinese Cities: Pre and Post-Government Green Performance Assessment  |c Ye Li, Hooi Hooi Lean, Yiyan Chen 
520 |a S cieľom lepšie podporiť transformáciu režimu ekonomického rozvoja a zlepšiť technologické inovácie čínska centrálna vláda upravila kritériá hodnotenia výkonnosti miestnych úradníkov. Táto štúdia skúma, či vládne hodnotenie ekologického výkonu môže slúžiť na podporu technologických inovácií. Ako vzorka sa berú údaje z 288 čínskych miest z rokov 2009 až 2018 a ako metodika sa používa model fixných efektov. Zistenia ukazujú, že vládne hodnotenie ekologického výkonu má významný priamy a dlhodobý vplyv na technologické inovácie. Podpora technologických inovácií je evidentnejšia v skupinách orientovaných na priemysel, v nízko-znečistených a stredových skupinách, okrem skupín veteránov, vysokovzdelaných a seniorských skupín. 
610 2 0 |a Čína 
610 2 0 |a rozvoj hospodársky 
610 2 0 |a transformácia 
610 2 0 |a ekológia 
610 2 0 |a inovácie environmentálne 
100 1 |a Li, Ye 
700 1 |a Lean, Hooi Hooi 
700 1 |a Chen, Yiyan